00749nam a2200229Ia 4500003000400000005001700004008004100021020002200062040000700084041000800091082002200099100004000121245002500161260004100186300001600227365001700243650001900260906007100279942001200350999001900362952013800381OSt20230324132830.0210423s2016 xx 000 0 und d a978-0-521-14925-9 cAL aeng a306.44 223bLIML aLIM (Lisa);ANSALDO (Umberto)977456 aLanguages in contact aUKbCambridge University Pressc2016 axiv,237bPB b1981.74cGBP aCulture977457 abilingual ; contact ; French ; Languages ; sign language ; texting 2ddccBK c168805d168805 001040708MAENGaSACPGbSACPGd2017-10-11eIntact Bookhouseg1981.74l0o306.44 LIMLpPG015307r2022-08-24 00:00:00w2021-04-26yBK